Vysokošmyková granulácia farmaceutických substancií

Salvato in:
Dettagli Bibliografici
Autore principale: Hrdý, Miroslav (Autore)
Altri autori: Peciar, Peter (Relatore della tesi)
Natura: Manoscritto Libro
Lingua:slovacco
Pubblicazione: 2017
Soggetti:
Accesso online:http://is.stuba.sk/zp/portal_zp.pl?podrobnosti=126740
Tags: Aggiungi Tag
Nessun Tag, puoi essere il primo ad aggiungerne!!

MARC

LEADER 00000ntm a22000003a 4500
001 stuzp61433
003 SK-STU
005 20170624211235.4
007 ta
008 150427s2015----xo-----f-mn---000-0-slo-d
040 |a STU  |b slo 
041 0 |a slo 
100 1 |a Hrdý, Miroslav  |u 020040  |4 aut  |U SjF Strojnícka fakulta  |T SjF Ústav procesného inžinierstva  |X 55142  |U J0040  |Y 807  |7 55142 
242 0 1 |a High-shear granulation of pharmaceutical substances  |y eng 
245 1 0 |a Vysokošmyková granulácia farmaceutických substancií 
260 |c 2017 
650 4 |a granule  |2 slo 
650 4 |a vysokošmyková granulácia  |2 slo 
650 4 |a avicel  |2 slo 
650 4 |a granulačná komora  |2 slo 
650 4 |a granules  |2 eng 
650 4 |a granulation bowl  |2 eng 
650 4 |a avicel  |2 eng 
650 4 |a high-shear granulation  |2 eng 
700 1 |a Peciar, Peter  |u 020040  |k Z1  |4 ths  |U SjF Strojnícka fakulta  |T SjF Ústav procesného inžinierstva  |X 41013  |U J0040  |Y 807  |7 A000041013 
856 4 |u http://is.stuba.sk/zp/portal_zp.pl?podrobnosti=126740 
996 |b 284J045300  |c J* 2770/DP  |l JJSK  |s A  |a 24  |w stuzp61433_0001